Historia económica mundial contemporánea. De la revolución industrial a la globalización neoliberal
Na minha lista:
| Autor principal: | |
|---|---|
| Formato: | Livro |
| Idioma: | espanhol |
| Publicado em: |
Buenos Aires, Argentina
Dialektik
2007
|
| Colecção: | Historia y Sociedad,
2 |
| Assuntos: | |
| Tags: |
Adicionar Tag
Sem tags, seja o primeiro a adicionar uma tag!
|
MARC
| LEADER | 00000nam a2200000 a 4500 | ||
|---|---|---|---|
| 001 | UCI4079 | ||
| 003 | CL-VaPUC | ||
| 005 | 20241111122107.0 | ||
| 008 | 071221e20070000AG |||||||||||||||||spa|d | ||
| 999 | |c 328073 |d 328071 | ||
| 020 | |a 9789872276928 | ||
| 040 | |c Pontificia Universidad Católica de Valparaíso | ||
| 082 | 0 | 4 | |a 330.9 MAR 2007 |2 21 |
| 100 | |a Marcaida, Elena V. |e autora |9 525726 | ||
| 245 | 1 | 0 | |a Historia económica mundial contemporánea. |b De la revolución industrial a la globalización neoliberal |
| 260 | |a Buenos Aires, Argentina |b Dialektik |c 2007 | ||
| 300 | |a 316 páginas | ||
| 490 | 0 | |a Historia y Sociedad, |v 2 | |
| 583 | |a last modification |c 20071221 00:00:00 |k Rodrigo Vera | ||
| 650 | 0 | |a Historia económica |9 307218 | |
| 650 | 0 | |a Industrialización |9 263687 | |
| 650 | 0 | |a Política económica |9 255029 | |
| 650 | 0 | |a Capitalismo |9 255255 | |
| 650 | 0 | |a Revolución industrial |9 309422 | |
| 650 | 0 | |a Neoliberalismo |9 330090 | |
| 942 | |c BK |2 ddc | ||
| 945 | |d 20071221 00:00:00 |a rbrito | ||
| 952 | |0 0 |1 0 |2 ddc |4 0 |6 330_900000000000000_MAR_2007 |7 0 |8 A |9 411804 |a BIBHIS |b BIBHIS |d 2019-11-22 |i 4397932 |o 330.9 MAR 2007 |p 4397932 |r 2025-01-20 |t 1 |w 2019-11-22 |y BK |k HIS | ||